| Tag |
First Indicator |
Second Indicator |
Subfields |
| LEADER |
00000pam a2200000 a 4500 |
| 001 |
in00000086533 |
| 005 |
20151008064543.0 |
| 008 |
810206s1982 ctu b 00110 eng |
| 010 |
|
|
|a 81001017
|
| 020 |
|
|
|a 031322885X (lib. bdg.)
|
| 035 |
|
|
|a (OCoLC)07282667
|
| 035 |
|
|
|9 AAK4393AM
|
| 039 |
0 |
|
|a 2
|b 3
|c 3
|d 3
|e 3
|
| 040 |
|
|
|a DLC
|c DLC
|d TXA
|d UtOrBLW
|
| 043 |
|
|
|a n-us---
|a n-us-ny
|
| 049 |
|
|
|a TXAM
|c [1481925]
|
| 050 |
0 |
0 |
|a KFN5348
|b .S4
|
| 082 |
0 |
|
|a 346.73/066
|a 347.30666
|2 19
|
| 100 |
1 |
|
|a Seavoy, Ronald E.
|
| 245 |
1 |
4 |
|a The origins of the American business corporation, 1784-1855 :
|b broadening the concept of public service during industrialization /
|c Ronald E. Seavoy.
|
| 264 |
|
1 |
|a Westport, Conn. :
|b Greenwood Press,
|c 1982.
|
| 300 |
|
|
|a xii, 314 pages ;
|c 22 cm.
|
| 336 |
|
|
|a text
|b txt
|2 rdacontent
|
| 337 |
|
|
|a unmediated
|b n
|2 rdamedia
|
| 338 |
|
|
|a volume
|b nc
|2 rdacarrier
|
| 490 |
1 |
|
|a Contributions in legal studies,
|x 0147-1074 ;
|v no. 19
|
| 500 |
|
|
|a Includes index.
|
| 504 |
|
|
|a Bibliography: pages [291]-308.
|
| 650 |
|
0 |
|a Incorporation
|z New York (State)
|x History.
|
| 650 |
|
0 |
|a Incorporation
|z United States
|x History.
|
| 650 |
|
0 |
|a Corporations
|z New York (State)
|x History.
|
| 650 |
|
0 |
|a Corporations
|z United States
|x History.
|
| 830 |
|
0 |
|a Contributions in legal studies ;
|v no. 19.
|
| 999 |
|
|
|a MARS
|
| 999 |
f |
f |
|s 924a2a6e-eff3-3b25-983e-28245583a1c9
|i 8126b702-6118-3bb8-be8b-bb015a84e563
|t 0
|
| 952 |
f |
f |
|p ric
|a Texas A&M University
|b Rellis Campus
|c Joint Library Facility
|d Remote Storage
|t 0
|e KFN5348 .S4
|h Library of Congress classification
|i unmediated -- volume
|m A14806157488
|
| 998 |
f |
f |
|a KFN5348 .S4
|t 0
|l Remote Storage
|